Concrete technology (Record no. 4023)

000 -LEADER
fixed length control field 00455nam a22001817a 4500
001 - CONTROL NUMBER
control field 4023
003 - CONTROL NUMBER IDENTIFIER
control field BD-DhUET
008 - FIXED-LENGTH DATA ELEMENTS--GENERAL INFORMATION
fixed length control field 141111b xxu||||| |||| 00| 0 eng d
040 ## - CATALOGING SOURCE
Transcribing agency 0
Modifying agency BD-DhUET
082 ## - DEWEY DECIMAL CLASSIFICATION NUMBER
Classification number 620.136
Item number SHE/1982
100 ## - MAIN ENTRY--PERSONAL NAME
Personal name Shetty, M. S.
245 ## - TITLE STATEMENT
Title Concrete technology
Remainder of title theory and practice
250 ## - EDITION STATEMENT
Edition statement 1st ed.
260 ## - PUBLICATION, DISTRIBUTION, ETC. (IMPRINT)
Place of publication, distribution, etc. New Delhi
Name of publisher, distributor, etc. S. Chand
Date of publication, distribution, etc. 1982
300 ## - PHYSICAL DESCRIPTION
Extent xiv, 592p.
Other physical details ill.
650 #0 - SUBJECT ADDED ENTRY--TOPICAL TERM
Topical term or geographic name as entry element Concrete - Engineering
942 ## - ADDED ENTRY ELEMENTS (KOHA)
Koha item type General Book
Holdings
Koha date last borrowed Shelving location Koha normalized classification for sorting Source of classification or shelving scheme Not for loan Koha date last seen Location (home branch) Koha issues (times borrowed) Sublocation or collection (holding branch) Price effective from Koha collection Lost status Piece designation (barcode) Withdrawn status Copy number Koha full call number Date acquired Koha item type Damaged status
2014-11-11Circulation section620_000000000000000_136SHE1982  2014-12-23Central Library, BUET1Central Library, BUET2014-11-11  58310 2620.136/SHE/19822014-11-11General Book 
2014-11-16Circulation section620_000000000000000_136SHE1982  2017-06-05Central Library, BUET1Central Library, BUET2014-11-16  56438 1620.136/SHE/19822014-11-16General Book 
2014-11-18Circulation section620_136000000000000_SHE_1982  2016-09-03Central Library, BUET1Central Library, BUET2014-11-18  58315 3620.136/SHE/19822014-11-18General Book 
2016-03-05Circulation section620_000000000000000_136SHE1982  2016-08-21Central Library, BUET2Central Library, BUET2014-11-26  58312 4620.136/SHE/19822014-11-26General Book 
 Circulation section620_136000000000000_SHE_1982  2015-02-05Central Library, BUET Central Library, BUET2015-02-05Non Fiction 58311 5620.136/SHE/19822015-02-05General Book 
 Reading section620_136000000000000_SHE_1982  2015-06-14Central Library, BUET Central Library, BUET2015-06-14  58308 6620.136/SHE/19822015-06-14Reading Item 
 Reading section620_136000000000000_SHE_1982  2015-06-15Central Library, BUET Central Library, BUET2015-06-15  58309 7620.136/SHE/19822015-06-15Reading Item 
 Reading section620_136000000000000_SHE_1982  2015-06-16Central Library, BUET Central Library, BUET2015-06-16  58313 8620.136/SHE/19822015-06-16Reading Item 
 Reading section620_136000000000000_SHE_1982  2015-06-16Central Library, BUET Central Library, BUET2015-06-16  58314 9620.136/SHE/19822015-06-16Reading Item 
 Reading section620_136000000000000_SHE_1982  2015-06-20Central Library, BUET Central Library, BUET2015-06-20  58316 10620.136/SHE/19822015-06-20Reading Item 
 Reading section620_136000000000000_SHE_1982  2015-06-23Central Library, BUET Central Library, BUET2015-06-23  55327 11620.136/SHE/19822015-06-23Reading Item